000 00744nam a2200193 i 4500
001 69293
003 ES-MaACL
005 20230906170503.0
007 t|
008 040702s1942 sp ||||1| spa d
100 1 _aGarcía Ayuso, Juan de Dios.
_954203
245 1 0 _aTratado completo de hidrología médica
_b: climatología y legislación balnearia, obra de utilidad práctica, para médicos hidrólogos /
_cJuan de Dios García Ayuso ; prólogo de [José] Velasco Pajares.
260 _aMadrid :
_bInstituto Editorial Reus,
_c1942.
300 _aXII, 463 p. ;
_c23 cm.
650 0 4 _aHidroterapia.
_913343
650 4 _aBalnearios-
_xReglamentos.
_9135662
700 1 _aVelasco Pajares, José.
_9113769
852 _aES-MaACL
_jE-199
_bR.21505
999 _c69293
_d69293